| 000 | 00929cab a2200229 4500 | ||
|---|---|---|---|
| 001 | ABS50491 | ||
| 008 | 090401t1994 xxu||||| |||| 00| 0 eng d | ||
| 035 | _a(Sirsi) u76132 | ||
| 041 | _aeng | ||
| 245 | _aGuildford BC v Cobb | ||
| 260 | _c1994 | ||
| 350 | _a0 | ||
| 490 |
_aEstates Gazette _v1994 !6 EG 147-149(3) |
||
| 520 | _aChD 28 October 1993. Application by landlord G for a ruling on a rent review clause in a lease granted to the tenant C. In 1979 C erected industrial builidngs at his own expense on land belonging to G. Held, that the value of the buildings shall be excluded. The potentiality of the land is the factor to be taken into consideration when compiling an assessment for ground rent. | ||
| 650 | _aASSUMPTIONS | ||
| 650 | _aGROUND RENT | ||
| 650 | _aGROUND RENTAL VALUE | ||
| 650 | _aRENT REVIEWS | ||
| 690 | _aLANDLORD AND TENANT-CASE LAW-RENT REVIEWS | ||
| 942 | _n0 | ||
| 948 | _c04/03/1997 | ||
| 999 |
_c47905 _d47905 |
||